Basic tactics for listening : Teacher's book. More listening. More testing. More effective

Tactics for Listening Third Edition is an activity-rich listening course with proven success in building skills in listening and conversation. Now with Tactics for Testing, it provides plenty of practice in testing and exam techniques. The result is confident listeners - and exam success.

Đã lưu trong:
书目详细资料
主要作者: Richards, Jack C.
格式: 图书
语言:Undetermined
出版: New York Oxford University Press 2011
主题:
标签: 添加标签
没有标签, 成为第一个标记此记录!
Thư viện lưu trữ: Trung tâm Học liệu Trường Đại học Cần Thơ
LEADER 01002nam a2200217Ia 4500
001 CTU_200927
008 210402s9999 xx 000 0 und d
082 |a 428.34 
082 |b R516/CD 
100 |a Richards, Jack C. 
245 0 |a Basic tactics for listening : 
245 0 |b Teacher's book. More listening. More testing. More effective 
245 0 |c Jack C. Richards, Grant Trew ; produced by John Marshall Media 
260 |a New York 
260 |b Oxford University Press 
260 |c 2011 
520 |a Tactics for Listening Third Edition is an activity-rich listening course with proven success in building skills in listening and conversation. Now with Tactics for Testing, it provides plenty of practice in testing and exam techniques. The result is confident listeners - and exam success. 
650 |a English language,Tiếng Anh 
650 |x Sách giáo khoa cho người nước ngoài 
904 |i Bằng 
980 |a Trung tâm Học liệu Trường Đại học Cần Thơ